000 00563cam a2200181 4500500
005 20260405002651.0
041 _afre
042 _adc
100 1 0 _aTenaillon, Nicolas
_eauthor
245 0 0 _aL’interprétation sociologique des rêves
260 _c2018.
500 _a73
690 _aBernard Lahire
690 _aCatherine Portevin
690 _aRêve
786 0 _nPhilosophie magazine | 117 | 3 | 2018-03-01 | p. 62-62 | 1951-1787
856 4 1 _uhttps://shs.cairn.info/magazine-philosophie-magazine-2018-3-page-62?lang=fr&redirect-ssocas=7080
999 _c2059889
_d2059889